[Event "Wijk aan Zee"]
[Site "?"]
[Date "1993.??.??"]
[Round "?"]
[White "Shirov, A."]
[Black "Nikolic, P."]
[Result "1/2-1/2"]
[WhiteElo "2670"]
[BlackElo "2630"]
[PlyCount "77"]
[EventDate "1993.??.??"]
[Source "ChessBase"]
[SourceDate "1992.10.01"]

1. d4 d5 2. c4 c6 3. Nf3 Nf6 4. Nc3 dxc4 5. a4 Bg4 6. Ne5 Bh5 7. f3 Nfd7 8. Nxc4 e5 9. e4 Qh4+ 10. g3 Qf6 11. dxe5 Qxf3 12. Nd6+ Kd8 13. Qxf3 Bxf3 14. Nxf7+ Ke8 15. e6 Nc5 16. Bc4 Bxh1 17. Nxh8 Bxe4 18. Bg5 Bf5 19. O-O-O Be7 20. Bxe7 Kxe7 21. Rf1 g6 22. g4 Bxe6 23. Bxe6 Kxe6 24. Rf8 a5 25. h4 b6 26. Kc2 Nca6 27. Ne4 Ra7 28. Ng5+ Kd5 29. Nhf7 Re7 30. Rh8 Nd7 31. Rxh7 Ne5 32. Nxe5 Rxh7 33. Nxh7 Kxe5 34. Nf8 Kf4 35. Nxg6+ Kxg4 36. Ne5+ Kxh4 37. Nxc6 Kg4 38. Kc3 Nc5 39. b3 1/2-1/2

[Event "XVII.ch /b"]
[Site "Leningrad XVII.ch /b"]
[Date "1971.??.??"]
[Round "?"]
[White "Korchnoi, Viktor L"]
[Black "Taimanov, Mark E"]
[Result "1/2-1/2"]
[WhiteElo "2660"]
[BlackElo "2620"]
[PlyCount "105"]
[EventDate "1971.??.??"]
[Source "www.chesslib.no"]
[SourceDate "2004.05.04"]

1. d4 d5 2. c4 c6 3. Nf3 Nf6 4. Nc3 dxc4 5. a4 Bg4 6. e3 e6 7. Bxc4 a5 8. h3 Bh5 9. g4 Bg6 10. Ne5 Nbd7 11. Nxg6 hxg6 12. Bf1 Bb4 13. Bg2 e5 14. O-O exd4 15. Qxd4 Nc5 16. Qc4 Qd3 17. Qxd3 Nxd3 18. Na2 Be7 19. b3 Nd5 20. Bd2 N5b4 21. Bc3 Bf6 22. Nxb4 axb4 23. Bxf6 gxf6 24. Rfd1 Nc5 25. Rac1 Ra5 26. Rc4 Nxb3 27. Rxb4 Nc5 28. Rxb7 Nxb7 29. Bxc6+ Ke7 30. Rd7+ Ke6 31. Rxb7 Rxh3 32. Kg2 Rh8 33. Bb5 Rf8 34. Kg3 Raa8 35. Rb6+ Ke7 36. Rb7+ Ke6 37. Rb6+ Ke5 38. f4+ Ke4 39. Bc6+ Kxe3 40. Bxa8 Rxa8 41. Rxf6 Ra7 42. Kh4 Ke4 43. Kg5 Kf3 44. f5 gxf5 45. gxf5 Ke4 46. a5 Ke5 47. a6 Ra8 48. Rb6 Rg8+ 49. Kh6 Kxf5 50. a7 Ra8 51. Ra6 Ke5 52. Kg7 f5 53. Ra5+ 1/2-1/2

[Event "XXIV ECC"]
[Site "Kallithea GRE"]
[Date "2008.10.18"]
[Round "2"]
[White "Stocek, J."]
[Black "Zhang Pengxiang"]
[Result "1/2-1/2"]
[WhiteElo "2578"]
[BlackElo "2636"]
[PlyCount "125"]
[EventDate "2008.10.17"]
[Source "www.chesslib.no"]
[SourceDate "2004.05.04"]

1. d4 d5 2. c4 c6 3. Nf3 Nf6 4. Nc3 dxc4 5. a4 Bg4 6. Ne5 Bh5 7. f3 e6 8. g4 Nd5 9. e4 Nxc3 10. bxc3 f6 11. gxh5 fxe5 12. Bxc4 exd4 13. cxd4 Qa5+ 14. Ke2 Qc3 15. Qb3 Qxb3 16. Bxb3 c5 17. dxc5 Bxc5 18. Bb2 Nc6 19. Rac1 Nd4+ 20. Bxd4 Bxd4 21. Rc7 Be5 22. Rxb7 Rb8 23. Rxb8+ Bxb8 24. Bxe6 Ke7 25. Bf5 Bf4 26. Rd1 Rd8 27. Rxd8 Kxd8 28. Bxh7 Ke7 29. Kd3 Kd6 30. h3 a5 31. Kd4 Bg3 32. Bg6 Bf2+ 33. Kc4 Ke5 34. Bf5 Be3 35. Bg4 Bf4 36. Kc5 Be3+ 37. Kb5 Bd2 38. Kb6 Bc3 39. Kc5 Bd2 40. Kc6 Bf4 41. Kd7 Kf6 42. Ke8 Bh6 43. Kf8 Bf4 44. Kg8 Bh6 45. Kh7 Bf4 46. Bc8 Bh6 47. Ba6 Bf4 48. Bc8 Bh6 49. Bg4 Bf4 50. e5+ Bxe5 51. h6 gxh6 52. Kxh6 Bf4+ 53. Kh5 Be3 54. Bc8 Bd2 55. Kg4 Ke5 56. h4 Bf4 57. Kh3 Be3 58. Kg3 Bf4+ 59. Kf2 Bh6 60. Ke2 Kd4 61. Bd7 Bf4 62. h5 Bh6 63. Be8 1/2-1/2

[Event "Munich GER"]
[Site "Munich GER"]
[Date "1993.??.??"]
[Round "1"]
[White "Lutz, Christopher"]
[Black "Lautier, Joel"]
[Result "1/2-1/2"]
[WhiteElo "2550"]
[BlackElo "2645"]
[PlyCount "41"]
[EventDate "1993.??.??"]
[Source "www.chesslib.no"]
[SourceDate "2004.05.04"]

1. d4 d5 2. c4 c6 3. Nf3 Nf6 4. Nc3 dxc4 5. a4 Bg4 6. Ne5 Bh5 7. h3 Na6 8. g4 Bg6 9. e3 Nb4 10. Bxc4 Nd7 11. Nxg6 hxg6 12. a5 e6 13. Bd2 Be7 14. Kf1 g5 15. Ne2 b5 16. Bb3 c5 17. dxc5 Bxc5 18. Bc3 O-O 19. Qd4 Bxd4 20. Bd5 exd5 21. Bxb4 1/2-1/2

[Event "Podolsk"]
[Site "?"]
[Date "1993.??.??"]
[Round "?"]
[White "Shneider, A."]
[Black "Oll, L."]
[Result "0-1"]
[WhiteElo "2560"]
[BlackElo "2595"]
[PlyCount "74"]
[EventDate "1993.??.??"]
[Source "ChessBase"]
[SourceDate "1993.10.01"]

1. d4 d5 2. c4 c6 3. Nf3 Nf6 4. Nc3 dxc4 5. a4 Bg4 6. Ne5 Bh5 7. g3 e6 8. Bg2 Bb4 9. O-O Nd5 10. Qc2 O-O 11. Nxc4 Nb6 12. Nxb6 axb6 13. e3 Nd7 14. Bd2 e5 15. Qb3 Be7 16. h3 Kh8 17. Rae1 f6 18. f4 exd4 19. exd4 f5 20. Qc2 Nf6 21. Be3 Qd7 22. d5 cxd5 23. Bxb6 d4 24. Rxe7 Qxe7 25. Bxd4 Rad8 26. Qf2 Rfe8 27. Be5 Rd3 28. Kh2 Red8 29. Qe1 Be8 30. Rf2 Bc6 31. Re2 Ne4 32. Nxe4 fxe4 33. Bxe4 Rd1 34. Qf2 Bxe4 35. Rxe4 R8d2 36. Re2 Qb4 37. Bc3 Qe4 0-1

[Event "Mephisto-GM-Turnier"]
[Site "Altensteig"]
[Date "1993.??.??"]
[Round "5"]
[White "Jussupow, Artur"]
[Black "Gabriel, Christian"]
[Result "1/2-1/2"]
[WhiteElo "2630"]
[BlackElo "2510"]
[PlyCount "128"]
[EventDate "1993.07.??"]
[Source "ChessBase"]

1. d4 d5 2. c4 c6 3. Nf3 Nf6 4. Nc3 dxc4 5. a4 Bg4 6. Ne5 Bh5 7. g3 e6 8. Bg2 Bb4 9. O-O O-O 10. Nxc4 Nd5 11. Ne4 Na6 12. Ne5 Qc7 13. g4 Bg6 14. f4 Bxe4 15. Bxe4 Rad8 16. Qc2 g6 17. f5 f6 18. Nf3 exf5 19. gxf5 g5 20. Bd3 Qb6 21. e4 g4 22. exd5 gxf3 23. Rxf3 Kh8 24. Be3 cxd5 25. Kh1 Bd6 26. Rh3 Rf7 27. Qf2 Rg8 28. Bh6 Nb4 29. Be2 Bf8 30. Bh5 Re7 31. Bf4 Nc6 32. Rd1 Nxd4 33. Be3 Qb3 34. Rxd4 Bh6 35. Qh4 Rxe3 36. Rxe3 Qxe3 37. Rd1 Bg5 38. Qd4 Qxd4 39. Rxd4 Be3 40. Rg4 Rd8 41. Kg2 Bc5 42. Rg3 b6 43. Bf7 d4 44. Bc4 Bd6 45. Rh3 Be5 46. Kf2 Rd7 47. b3 Kg7 48. Ke2 Kf8 49. Rh4 Rg7 50. h3 Ke7 51. Rg4 Rg5 52. Rxg5 fxg5 53. Kd3 a5 54. Ke4 Kd6 55. Be2 Bf6 56. Bh5 Kc5 57. Bf7 Kb4 58. Kd3 b5 59. axb5 Kxb5 60. Kd2 Kb4 61. Kc2 Ka3 62. Bd5 Kb4 63. Bf7 Bg7 64. Kd3 Bf6 1/2-1/2

[Event "Beograd"]
[Site "?"]
[Date "1991.??.??"]
[Round "?"]
[White "Sokolov, I."]
[Black "Lautier, J."]
[Result "1-0"]
[WhiteElo "2570"]
[BlackElo "2560"]
[PlyCount "91"]
[EventDate "1991.??.??"]
[Source "ChessBase"]
[SourceDate "1991.10.01"]

1. d4 d5 2. c4 c6 3. Nf3 Nf6 4. Nc3 dxc4 5. a4 Bg4 6. Ne5 Bh5 7. f3 Nfd7 8. Nxc4 e5 9. e4 Qh4+ 10. g3 Qf6 11. dxe5 Qxf3 12. Nd6+ Kd8 13. Qxf3 Bxf3 14. Nxf7+ Ke8 15. Nxh8 Bxh1 16. e6 Nc5 17. Be3 Bf3 18. Nf7 Bg4 19. Bf4 Nba6 20. Nd6+ Bxd6 21. Bxd6 Rd8 22. e5 Nb4 23. Nb5 Ncd3+ 24. Kd2 cxb5 25. Bxd3 Nxd3 26. Kxd3 Bxe6 27. axb5 Ra8 28. Kd4 Kd7 29. b6 a6 30. Rf1 Rc8 31. Bc7 Kc6 32. Rd1 Kd7 33. Kc5+ Ke7 34. Rd4 Bf5 35. g4 Be6 36. h4 Rg8 37. Bd6+ Ke8 38. g5 Rh8 39. Rf4 Kd7 40. Bf8 Rg8 41. Rd4+ Ke8 42. Kd6 Bh3 43. Be7 Kf7 44. e6+ Kg6 45. Kd7 h5 46. Bd6 1-0

[Event "Cairnhill op"]
[Site "Singapore"]
[Date "1998.12.23"]
[Round "6"]
[White "Wu Shaobin"]
[Black "Rogers, Ian"]
[Result "0-1"]
[WhiteElo "2505"]
[BlackElo "2605"]
[PlyCount "140"]
[EventDate "1998.12.??"]
[Source "www.chesslib.no"]
[SourceDate "2004.05.04"]

1. d4 d5 2. c4 c6 3. Nf3 Nf6 4. Nc3 dxc4 5. a4 Bg4 6. Ne5 Bh5 7. f3 Nfd7 8. Nxc4 e5 9. Ne4 Bb4+ 10. Bd2 Qe7 11. Bxb4 Qxb4+ 12. Qd2 Qxd2+ 13. Kxd2 exd4 14. Ned6+ Kd8 15. Nxb7+ Kc7 16. Nba5 Na6 17. e3 dxe3+ 18. Kxe3 Nb4 19. Kf2 Nc5 20. Be2 Rhe8 21. Rhd1 Bg6 22. Rd2 Re6 23. Ra3 Rae8 24. Ne3 Nbd3+ 25. Bxd3 Rxe3 26. Bxg6 Rxa3 27. bxa3 hxg6 28. Rc2 Re5 29. Kg3 Ne4+ 30. fxe4 Rxa5 31. Rc4 Rg5+ 32. Kf3 c5 33. h4 Re5 34. Kf4 f6 35. Rc3 g5+ 36. hxg5 Rxg5 37. g4 Kc6 38. Rc1 Re5 39. Rc4 Re7 40. g5 fxg5+ 41. Kxg5 Rd7 42. Rc3 Rd4 43. Kf5 c4 44. Rg3 Rd7 45. e5 Kd5 46. e6 Rc7 47. Rg1 Kd6 48. Rd1+ Ke7 49. Rg1 Rc5+ 50. Ke4 g5 51. Kd4 Rf5 52. Kxc4 Kxe6 53. Kd3 Kf6 54. Ke2 Kg6 55. Rg3 Kh5 56. Rb3 Kh4 57. Rb5 Rf7 58. a5 g4 59. a6 Rf6 60. Rb8 Rxa6 61. Kf2 Rxa3 62. Rh8+ Kg5 63. Rg8+ Kf5 64. Rf8+ Ke6 65. Ra8 a5 66. Kg2 Kd5 67. Rg8 g3 68. Ra8 Kc6 69. Rc8+ Kb7 70. Rg8 Rc3 0-1

[Event "Bled"]
[Site "?"]
[Date "1996.??.??"]
[Round "?"]
[White "Cebalo, M."]
[Black "Beliavsky, A."]
[Result "1/2-1/2"]
[WhiteElo "2495"]
[BlackElo "2615"]
[PlyCount "80"]
[EventDate "1996.??.??"]
[Source "ChessBase"]
[SourceDate "1996.02.01"]

1. d4 d5 2. c4 c6 3. Nf3 Nf6 4. Nc3 dxc4 5. a4 Bg4 6. Ne5 Bh5 7. h3 e6 8. g4 Bg6 9. Bg2 Bb4 10. O-O Nd5 11. Na2 Bd6 12. Nxc4 h5 13. e4 hxg4 14. Nxd6+ Qxd6 15. exd5 gxh3 16. Bf3 cxd5 17. Nc3 Nc6 18. Nb5 Qb8 19. Be3 a6 20. Nc3 Qd8 21. Kh1 Qf6 22. Rg1 Bc2 23. Qxc2 Qxf3+ 24. Kh2 Nxd4 25. Bxd4 Qf4+ 26. Rg3 Qxd4 27. a5 Rc8 28. Qe2 Kf8 29. Ra4 Rc4 30. Rg4 Qxg4 31. Qxg4 Rxg4 32. Rxg4 Rh5 33. Rb4 d4 34. Rxd4 Rxa5 35. Rd7 Rf5 36. Rxb7 Rxf2+ 37. Kxh3 Rf4 38. Kg3 g5 39. Rb6 Ke7 40. Rxa6 Rb4 1/2-1/2

[Event "Bydgoszcz Bank Pocztowy op"]
[Site "Bydgoszcz"]
[Date "2000.06.03"]
[Round "6"]
[White "Kempinski, Robert"]
[Black "Ulibin, Mikhail"]
[Result "1-0"]
[WhiteElo "2528"]
[BlackElo "2580"]
[PlyCount "81"]
[EventDate "2000.05.28"]
[Source "ChessBase"]
[SourceDate "2000.07.11"]

1. d4 d5 2. c4 c6 3. Nf3 Nf6 4. Nc3 dxc4 5. a4 Bg4 6. Ne5 Bh5 7. Nxc4 e6 8. Qb3 Na6 9. e4 Nb4 10. f3 Be7 11. Bf4 O-O 12. Rd1 Bg6 13. Be2 Nfd5 14. Bg3 a5 15. O-O b5 16. axb5 a4 17. Qa3 Nc2 18. Qa2 cxb5 19. Nxb5 Nde3 20. Bc7 Qe8 21. Nb6 Ra5 22. Nd5 exd5 23. Bxa5 dxe4 24. Qxa4 Nxf1 25. Rxf1 exf3 26. Rxf3 Bf6 27. Qc4 Ne3 28. Qc1 Nxg2 29. Rf2 Qa8 30. Bc7 Nh4 31. Be5 Bxe5 32. dxe5 Be4 33. Qf4 Ng6 34. Qg3 Qc6 35. Nc3 Bd5 36. h4 Bb3 37. h5 Ne7 38. Qg5 Nd5 39. Ne4 h6 40. Qg3 Qb6 41. Nf6+ 1-0

[Event "MK Cafe Cup-A"]
[Site "Koszalin"]
[Date "1999.08.10"]
[Round "7"]
[White "Gyimesi, Zoltan"]
[Black "Ulibin, Mikhail"]
[Result "0-1"]
[WhiteElo "2531"]
[BlackElo "2562"]
[PlyCount "131"]
[EventDate "1999.08.03"]
[Source "ChessBase"]
[SourceDate "1999.12.01"]

1. d4 d5 2. c4 c6 3. Nf3 Nf6 4. Nc3 dxc4 5. a4 Bg4 6. Ne5 Bh5 7. g3 e6 8. Bg2 Bb4 9. O-O Nd5 10. Nxc4 O-O 11. Ne4 Na6 12. Bd2 Qe7 13. Re1 Rfd8 14. Qb3 Bxd2 15. Ncxd2 Qb4 16. e3 c5 17. dxc5 f5 18. Nc3 Nxc5 19. Qc4 Qxc4 20. Nxc4 Nb4 21. Rab1 Rac8 22. Ne5 Ncd3 23. Nxd3 Nxd3 24. Rf1 b6 25. Nb5 Be2 26. Nxa7 Bxf1 27. Rxf1 Rc1 28. Nc6 Rd6 29. Rxc1 Nxc1 30. Nd4 Nd3 31. b3 g6 32. f4 Kf7 33. Bf1 Nb4 34. Bc4 Kf6 35. Kf2 Nc2 36. Nf3 Rd1 37. Ke2 Rb1 38. Ng5 Na3 39. Nxh7+ Ke7 40. h3 Nxc4 41. bxc4 Ra1 42. g4 Rxa4 43. Kd3 Ra2 44. Ng5 fxg4 45. hxg4 Rg2 46. Ke4 Rxg4 47. Ke5 Rg3 48. e4 Rc3 49. Kd4 Ra3 50. e5 Rb3 51. Nh7 Rb4 52. Kc3 Ra4 53. Nf6 b5 54. cxb5 Rxf4 55. b6 Kd8 56. Ne8 Kc8 57. Nc7 Kd7 58. Na6 Kc6 59. Nc7 Kd7 60. Na6 Kc6 61. Nc7 Re4 62. Nxe6 Rxe5 63. Nf8 g5 64. Kd4 Re8 65. Nh7 g4 66. Nf6 0-1

[Event "17th Open, Geneva SUI"]
[Site "?"]
[Date "2001.??.??"]
[Round "7"]
[White "Lazarev, V."]
[Black "Ulibin, M."]
[Result "0-1"]
[WhiteElo "2505"]
[BlackElo "2570"]
[PlyCount "52"]
[EventDate "2001.??.??"]
[Source "www.chesslib.no"]
[SourceDate "2004.05.04"]

1. d4 d5 2. c4 c6 3. Nf3 Nf6 4. Nc3 dxc4 5. a4 Bg4 6. Ne5 Bh5 7. h3 Na6 8. g4 Bg6 9. e3 Nb4 10. Bxc4 e6 11. Nxg6 hxg6 12. a5 Nxg4 13. a6 b5 14. Bxe6 fxe6 15. Qxg4 Nc2+ 16. Ke2 Nxa1 17. Bd2 Qf6 18. Rd1 Qf5 19. Qg2 Rc8 20. Ne4 Be7 21. Rc1 Rxh3 22. Nc5 e5 23. Bc3 Bxc5 24. dxc5 Rd8 25. Qxc6+ Kf8 26. Qxb5 Qf3+ 0-1

[Event "Synthesia Rapid Open"]
[Site "Pardubice CEC"]
[Date "2007.07.18"]
[Round "4"]
[White "Babula, V."]
[Black "Hasangatin, R."]
[Result "1/2-1/2"]
[WhiteElo "2577"]
[BlackElo "2476"]
[PlyCount "49"]
[EventDate "2007.07.18"]
[Source "www.chesslib.no"]
[SourceDate "2004.05.04"]

1. d4 d5 2. c4 c6 3. Nf3 Nf6 4. Nc3 dxc4 5. a4 Bg4 6. e3 e6 7. Bxc4 Bb4 8. O-O Nbd7 9. Qb3 Qb6 10. Re1 Bxf3 11. gxf3 O-O 12. Bd2 a5 13. Rad1 Rad8 14. f4 c5 15. Nb5 Bxd2 16. Rxd2 Ne4 17. Rdd1 e5 18. f3 Qg6+ 19. Kf1 Qh5 20. fxe4 Qf3+ 21. Kg1 Qg4+ 22. Kf2 Qh4+ 23. Kg2 Qg4+ 24. Kh1 Qf3+ 25. Kg1 1/2-1/2

[Event "Jurmala"]
[Site "Jurmala"]
[Date "1985.??.??"]
[Round "9"]
[White "Tukmakov, Vladimir B"]
[Black "Utasi, Tamas"]
[Result "1-0"]
[WhiteElo "2565"]
[BlackElo "2485"]
[PlyCount "47"]
[EventDate "1985.08.??"]
[Source "ChessBase"]

1. d4 d5 2. c4 c6 3. Nf3 Nf6 4. Nc3 dxc4 5. a4 Bg4 6. Ne5 Bh5 7. g3 e6 8. Bg2 Bb4 9. O-O Qa5 10. Nxc4 Qa6 11. Qb3 Be7 12. e4 O-O 13. h3 b5 14. axb5 Qxa1 15. Be3 Qxf1+ 16. Kxf1 cxb5 17. Qxb5 Nbd7 18. e5 Rab8 19. Qa6 Bg6 20. exf6 Bd3+ 21. Kg1 Bxf6 22. Qxa7 Bxc4 23. Qxd7 Rfd8 24. Qa4 1-0

[Event "Bad Woerishofen op"]
[Site "Bad Woerishofen"]
[Date "1997.??.??"]
[Round "9"]
[White "Romanishin, Oleg M"]
[Black "Tischbierek, Raj"]
[Result "1/2-1/2"]
[WhiteElo "2555"]
[BlackElo "2490"]
[PlyCount "37"]
[EventDate "1997.03.07"]
[Source "www.chesslib.no"]
[SourceDate "2004.05.04"]

1. d4 d5 2. c4 c6 3. Nf3 Nf6 4. Nc3 dxc4 5. a4 Bg4 6. Ne5 Bh5 7. g3 e6 8. Bg2 Bb4 9. O-O Nd5 10. Bd2 a5 11. Nxc4 O-O 12. Ne5 Nd7 13. Nd3 Be7 14. Nxd5 exd5 15. Re1 Bg6 16. Bc3 Re8 17. Bh3 Bd6 18. Rc1 Nf6 19. Ne5 1/2-1/2

[Event "Manresa"]
[Site "?"]
[Date "1995.??.??"]
[Round "?"]
[White "Epishin, V."]
[Black "Pomes, J."]
[Result "1-0"]
[WhiteElo "2635"]
[BlackElo "2410"]
[PlyCount "73"]
[EventDate "1995.??.??"]
[Source "ChessBase"]
[SourceDate "1995.06.01"]

1. d4 d5 2. c4 c6 3. Nf3 Nf6 4. Nc3 dxc4 5. a4 Bg4 6. Ne5 Bh5 7. f3 Nfd7 8. Nxc4 e5 9. g3 Bb4 10. dxe5 O-O 11. Bh3 Qe7 12. f4 Rd8 13. Qc2 f6 14. e6 Nc5 15. Ne3 Nxe6 16. Nf5 Qd7 17. Be3 Na6 18. O-O Bf7 19. Ne4 Kh8 20. Rad1 Qc7 21. b3 Bf8 22. Qb2 Nec5 23. Nxf6 Bxb3 24. Rxd8 Rxd8 25. Ng4 Bd5 26. Nd4 Nxa4 27. Qa1 b5 28. f5 Bb4 29. Ne6 Bxe6 30. fxe6 Bc3 31. Qb1 Qe7 32. Nh6 Rf8 33. Nf7+ Kg8 34. Bf5 Rxf7 35. Bxh7+ Kh8 36. Rxf7 Qe8 37. Qf5 1-0

[Event "Cappelle op"]
[Site "Cappelle la Grande"]
[Date "1998.??.??"]
[Round "7"]
[White "Shipov, Sergei"]
[Black "Kekelidze, Mikheil"]
[Result "1-0"]
[WhiteElo "2620"]
[BlackElo "2405"]
[PlyCount "129"]
[EventDate "1998.02.21"]
[Source "ChessBase"]
[SourceDate "1998.04.29"]

1. d4 d5 2. c4 c6 3. Nf3 Nf6 4. Nc3 dxc4 5. a4 Bg4 6. Ne5 Bh5 7. f3 Nfd7 8. Nxc4 e5 9. Ne4 Bb4+ 10. Bd2 Bxd2+ 11. Qxd2 O-O 12. dxe5 b5 13. Ncd6 Nxe5 14. Ng3 Bg6 15. e4 f6 16. f4 Nf7 17. Nxf7 Bxf7 18. Qxd8 Rxd8 19. axb5 cxb5 20. Bxb5 Nd7 21. O-O Rab8 22. Bc6 Nc5 23. Rxa7 Rxb2 24. Nf5 Ra2 25. Rxa2 Bxa2 26. Rc1 Ne6 27. Ra1 Rd2 28. Rxa2 Rxa2 29. Bd5 Rd2 30. Bxe6+ Kf8 31. Ng3 g6 32. Bg4 Rb2 33. Be2 Ke7 34. Kf2 Rb3 35. Nf1 Kd6 36. Nd2 Rb8 37. Ke3 Kc5 38. Bd1 Ra8 39. h3 Ra7 40. Be2 Rc7 41. Kd3 Kb4 42. Nf3 Rd7+ 43. Ke3 Rc7 44. Bd3 Kc5 45. Nh2 Re7 46. Nf3 Rc7 47. Nd2 Ra7 48. Nb3+ Kb4 49. Nd4 Kc5 50. e5 fxe5 51. fxe5 Ra4 52. Ne2 Ra3 53. Nf4 Ra1 54. h4 Ra7 55. Be4 Re7 56. g3 Ra7 57. Ne6+ Kc4 58. Ng5 h6 59. Nf3 Rg7 60. Nh2 Re7 61. Ng4 h5 62. Nf6 Rxe5 63. Kf4 Kd4 64. Bxg6 Re6 65. Kg5 1-0

[Event "Baile Herculane zt"]
[Site "Baile Herculane"]
[Date "1982.??.??"]
[Round "18"]
[White "Gheorghiu, Florin"]
[Black "Velikov, Petar"]
[Result "1-0"]
[WhiteElo "2550"]
[BlackElo "2470"]
[PlyCount "55"]
[EventDate "1982.01.??"]
[Source "ChessBase"]

1. d4 d5 2. c4 c6 3. Nf3 Nf6 4. Nc3 dxc4 5. a4 Bg4 6. Ne5 Bh5 7. g3 e6 8. Bg2 Nbd7 9. Nxc4 Bb4 10. O-O a5 11. Na2 Be7 12. Bd2 Nd5 13. Qe1 O-O 14. e4 Nb4 15. Nxb4 axb4 16. Bxb4 b5 17. Bxe7 Qxe7 18. Na5 Ra6 19. e5 Nb8 20. axb5 cxb5 21. b4 f6 22. Rc1 fxe5 23. dxe5 Bg6 24. Qc3 Qa7 25. Kh1 Nd7 26. Nc6 Qb6 27. Qd2 Rf7 28. Qd6 1-0

[Event "Elista ol (Men)"]
[Site "Elista"]
[Date "1998.10.10"]
[Round "11"]
[White "Illescas Cordoba, Miguel"]
[Black "Imanaliev, Taalaibek"]
[Result "0-1"]
[WhiteElo "2605"]
[BlackElo "2415"]
[PlyCount "74"]
[EventDate "1998.09.29"]
[Source "ChessBase"]
[SourceDate "1998.11.06"]

1. d4 d5 2. c4 c6 3. Nf3 Nf6 4. Nc3 dxc4 5. a4 Bg4 6. Ne5 Bh5 7. f3 e6 8. g4 Nfd7 9. Bf4 Nxe5 10. dxe5 Qxd1+ 11. Rxd1 Bg6 12. e4 h5 13. g5 Bb4 14. Bxc4 Nd7 15. h4 Ba5 16. Bh2 Bc7 17. f4 Nc5 18. Rd4 Rd8 19. Rxd8+ Kxd8 20. f5 exf5 21. O-O f4 22. Bxf4 Ke7 23. Be3 Ne6 24. Nd5+ cxd5 25. exd5 Bxe5 26. dxe6 fxe6 27. Bxa7 Bd6 28. b3 Rc8 29. Re1 Bf5 30. Bd4 Bg3 31. Bf2 Bf4 32. Rd1 e5 33. Bd5 Rc7 34. b4 Rd7 35. Bc5+ Ke8 36. a5 Bc2 37. a6 bxa6 0-1

[Event "Moscow5"]
[Site "Moscow"]
[Date "1995.??.??"]
[Round "1"]
[White "Kiselev, Sergey"]
[Black "Guliev, Sarhan"]
[Result "1-0"]
[WhiteElo "2505"]
[BlackElo "2495"]
[PlyCount "96"]
[EventDate "1995.??.??"]
[Source "ChessBase"]

1. d4 d5 2. c4 c6 3. Nf3 Nf6 4. Nc3 dxc4 5. a4 Bg4 6. Ne5 Bh5 7. g3 e6 8. Bg2 Bb4 9. O-O Nbd7 10. Nxc4 O-O 11. Na2 Be7 12. b4 Nd5 13. Qd2 Qc7 14. e4 N5b6 15. Nb2 Rad8 16. Qc2 e5 17. dxe5 Qxe5 18. a5 Nc8 19. Be3 Bf6 20. Rab1 Qb5 21. f4 Rfe8 22. Rfe1 Bg4 23. e5 Be7 24. Nc4 Nf8 25. Bf1 Qd5 26. h3 Bf3 27. Qf2 Bh5 28. g4 Ng6 29. Red1 Bh4 30. Qe2 Qe4 31. Nc3 Nxf4 32. Nxe4 Nxe2+ 33. Bxe2 Bg6 34. Bf3 f5 35. gxf5 Bxf5 36. Kg2 Rd5 37. Rbc1 Re6 38. Ned6 Rg6+ 39. Kh2 Rxd1 40. Rxd1 Bxh3 41. Be4 Nxd6 42. exd6 Re6 43. Bf3 Rf6 44. Bg2 Bg4 45. Rd4 h5 46. Ne5 Re6 47. Nxg4 hxg4 48. Rd3 Kf7 1-0

[Event "URS Ch sf"]
[Site "Ivano Frankovsk"]
[Date "1982.??.??"]
[Round "?"]
[White "Lerner, Konstantin Z"]
[Black "Vasiukov, Evgeni A"]
[Result "1/2-1/2"]
[WhiteElo "2500"]
[BlackElo "2495"]
[PlyCount "80"]
[EventDate "1982.??.??"]
[Source "www.chesslib.no"]
[SourceDate "2004.05.04"]

1. d4 d5 2. c4 c6 3. Nf3 Nf6 4. Nc3 dxc4 5. a4 Bg4 6. Ne5 Bh5 7. Nxc4 e6 8. Qb3 Na6 9. e4 Nb4 10. Be3 Be7 11. f3 O-O 12. Be2 Qc7 13. O-O Rad8 14. Rac1 Kh8 15. Bf2 h6 16. Rfd1 Bg6 17. a5 Nh5 18. Bf1 Bh7 19. Na4 Na6 20. Nc5 Nxc5 21. dxc5 f5 22. exf5 exf5 23. Nd6 Bg8 24. Bc4 Nf4 25. Qe3 Bg5 26. Qa3 Bxc4 27. Rxc4 Nd5 28. Re1 Rd7 29. Rc2 Re7 30. Rce2 Rxe2 31. Rxe2 a6 32. Bd4 Be7 33. Be5 Qd7 34. f4 Kh7 35. Qb3 g6 36. Qd3 Bxd6 37. Bxd6 Rf7 38. g3 Nf6 39. Re6 Ne4 40. Re5 Rg7 1/2-1/2

[Event "DSV-Turnier"]
[Site "Leipzig GER"]
[Date "1977.??.??"]
[Round "10"]
[White "Peev, Peicho C"]
[Black "Malich, Burkhard"]
[Result "1/2-1/2"]
[WhiteElo "2460"]
[BlackElo "2535"]
[PlyCount "25"]
[EventDate "1977.12.01"]
[Source "www.chesslib.no"]
[SourceDate "2004.05.04"]

1. d4 d5 2. c4 c6 3. Nf3 Nf6 4. Nc3 dxc4 5. a4 Bg4 6. e3 e6 7. Bxc4 Nbd7 8. h3 Bh5 9. O-O a5 10. e4 Bb4 11. e5 Nd5 12. Ne4 Be7 13. Ng3 1/2-1/2

[Event "300 Years"]
[Site "St Petersburg"]
[Date "2003.10.19"]
[Round "2"]
[White "Lugovoi, Aleksei"]
[Black "Sergienko, Sergey"]
[Result "1/2-1/2"]
[WhiteElo "2553"]
[BlackElo "2435"]
[PlyCount "106"]
[EventDate "2003.10.18"]
[Source "Roberto Alvarez"]
[SourceDate "2003.10.27"]

1. d4 d5 2. c4 c6 3. Nf3 Nf6 4. Nc3 dxc4 5. a4 Bg4 6. e4 e5 7. Be3 Bb4 8. Bxc4 O-O 9. dxe5 Qxd1+ 10. Kxd1 Bxc3 11. exf6 Bxf6 12. h3 Bxf3+ 13. gxf3 Nd7 14. Kc2 Rfe8 15. Rhd1 Nf8 16. a5 c5 17. Kb3 Rac8 18. Bd5 Rc7 19. Rac1 b6 20. axb6 axb6 21. f4 g6 22. Ra1 Ne6 23. e5 Be7 24. Ra6 Rb8 25. Rda1 Kg7 26. Ra7 Rbc8 27. Rxc7 Nxc7 28. Bc6 Ne6 29. Bd7 Rc7 30. Bxe6 fxe6 31. Kc4 b5+ 32. Kxb5 Rb7+ 33. Kc6 Rxb2 34. Ra7 Kf8 35. Bxc5 Bxc5 36. Kxc5 Rxf2 37. Kd6 Rxf4 38. Rxh7 Ra4 39. Rc7 Ra6+ 40. Rc6 Ra3 41. h4 Ra4 42. Kxe6 Rxh4 43. Rc8+ Kg7 44. Ke7 Ra4 45. e6 Ra7+ 46. Kd6 Ra6+ 47. Rc6 Ra8 48. Rc7+ Kf8 49. Kd7 g5 50. Rb7 g4 51. Rb4 Ra7+ 52. Kd6 Ra6+ 53. Ke5 Ra1 1/2-1/2

[Event "Copenhagen KS"]
[Site "Copenhagen"]
[Date "1996.??.??"]
[Round "5"]
[White "Schandorff, Lars"]
[Black "Hellsten, Johan"]
[Result "0-1"]
[WhiteElo "2495"]
[BlackElo "2490"]
[PlyCount "50"]
[EventDate "1996.07.05"]
[Source "ChessBase"]

1. d4 d5 2. c4 c6 3. Nf3 Nf6 4. Nc3 dxc4 5. a4 Bg4 6. Ne5 Bh5 7. f3 Nfd7 8. Nxc4 e5 9. Ne4 Bb4+ 10. Bd2 Qe7 11. Bxb4 Qxb4+ 12. Qd2 Qxd2+ 13. Kxd2 exd4 14. Ned6+ Kd8 15. Nxb7+ Kc7 16. Nba5 Na6 17. e4 dxe3+ 18. Nxe3 Nb4 19. Kc3 Rhe8 20. Nac4 Rab8 21. Bd3 Nxd3 22. Kxd3 Nc5+ 23. Ke2 f5 24. Kf1 f4 25. Nd1 Nb3 0-1

[Event "Kavala"]
[Site "?"]
[Date "1991.??.??"]
[Round "?"]
[White "Tukmakov, V."]
[Black "Komarov, D."]
[Result "1-0"]
[WhiteElo "2525"]
[BlackElo "2460"]
[PlyCount "95"]
[EventDate "1991.??.??"]
[Source "ChessBase"]
[SourceDate "1991.06.01"]

1. d4 d5 2. c4 c6 3. Nf3 Nf6 4. Nc3 dxc4 5. a4 Bg4 6. Ne5 Bh5 7. g3 e6 8. Bg2 a5 9. O-O Be7 10. h3 Na6 11. g4 Bg6 12. e4 Nd7 13. Nxc4 O-O 14. Bf4 Nb4 15. Qe2 Nb6 16. Ne5 Nd7 17. Nxg6 hxg6 18. Rad1 Re8 19. Be3 g5 20. f4 gxf4 21. Bxf4 Nf8 22. Qf2 Bh4 23. Qf3 Ng6 24. Bh2 Qf6 25. Qe2 Qg5 26. Rf3 c5 27. d5 Ne5 28. Rff1 c4 29. Nb5 Ned3 30. Nc7 exd5 31. Nxa8 Rxa8 32. Qf3 Qe7 33. exd5 Qc5+ 34. Kh1 Nf2+ 35. Rxf2 Qxf2 36. Qxf2 Bxf2 37. Bf1 Nd3 38. Bxd3 cxd3 39. Bc7 Kf8 40. Rxd3 Ke8 41. d6 Kd7 42. Rf3 Bd4 43. Rxf7+ Kc6 44. d7 Bf6 45. Rxf6+ Kxc7 46. Rf7 Ra6 47. Rxg7 Rb6 48. h4 1-0